| 000 | 01152cam a2200325 i 4500 | ||
|---|---|---|---|
| 001 | 27905 | ||
| 003 | Mx-PuUPA | ||
| 005 | 20250327094109.0 | ||
| 008 | 140415s2005 sp aob gr 001 0bspa d | ||
| 017 | _aM. 15.485-2005 | ||
| 020 | _a8467018674 | ||
| 040 |
_cMx-PuUPA _aMx-PuUPA _bspa _dMx-PuUPA _erda |
||
| 041 | 0 | _aspa | |
| 100 | 1 |
_aLamet, Pedro Miguel, _d1941- _eautor _916860 |
|
| 245 | 1 | 0 |
_aJuan Pablo II : _bhombre y Papa / _cPedro Miguel Lamet |
| 264 | 1 |
_aMadrid, España : _bEspasa Calpe, _c©2005 |
|
| 300 |
_a644 páginas, 12 páginas con fotografías (blanco y negro) sin numerar : _bilustraciones, fotografías, mapas ; _c22 cm |
||
| 336 |
_2rdacontent _atexto _btxt |
||
| 337 |
_2rdamedia _asin medio _bn |
||
| 338 |
_2rdacarrier _avolumen _bnc |
||
| 490 | 0 | _aEspasa Forum | |
| 600 | 0 | 4 | _aJuan Pablo II, Papa |
| 600 | 0 | 4 |
_aJuan Pablo II, Papa, _cSanto, _vBiografías _y1920-2005 |
| 650 | 7 |
_2armarc _aHistoria eclesiástica _ySiglo XX |
|
| 650 | 7 |
_2armarc _aIglesia Católica _xHistoria _ySiglo XX |
|
| 942 |
_2ddc _cLI _h922.21 _iJ22 |
||
| 999 |
_c27905 _d27905 |
||